000 00677nas a2200241 i 4500
001 599
003 ES-MaACL
005 20250828062526.0
007 t|
008 950801d18911891fr m|0 | ||re d
022 _a9943-2161
080 _a37
245 0 0 _aBulletin universitaire de l'enseignement secondaire.
260 _aParis :
_bArmand Colin et Cie.,
_c1891 (
_fChamerot et Renonard)
300 _a1 v. ;
_c25 cm.
310 _aMensual
362 0 _aNº 1(en. 1891-)nº 12 (dic. 1891)
650 7 _aEducación
_2embne
_912073
772 0 _tRevue internationale de l'enseignement
_x9944-3058
852 _aES-MaACL
_jHem-322
866 2 _o1891
999 _c599
_d599